00899nam a2200181 a 450000100100000000500170001000800410002704000250006808200160009311000900010924501130019926000680031230000210038004900090040195201750041095201150058599900170070000003336520200930070216.0110825s1929 dr 000 0 spa d aDO-SdBNPbspacBNPHU axxxxbR426m1 aRepública Dominicana.bSecretaría de Estado de Agricultura e Inmigración93854910aMemoria correspondiente al año 1928, que al ciudadano presidente de la República /cRafael A. Espaillat. aSanto Domingo :bImp. de J. R. Vda. García, Sucesores,c1929. a320 p. ;c22 cm. aBNPD 0010718PDaPDbPDcCTd2011-08-25iLF1l0oxxxx R426mp33365-10r2020-06-25w2020-06-25yLFPDzPerteneció a la biblioteca personal de Julio Ortega FrierZNo se presta 00107-18PDaPDbPDcOId2011-08-25iLF1l0oxxxx R426mp33366-10r2020-06-25w2020-06-25yLFPDZNo se presta c32856d32856